<?xml version="1.0" encoding="UTF-8"?>
<record
    xmlns:xsi="http://www.w3.org/2001/XMLSchema-instance"
    xsi:schemaLocation="http://www.loc.gov/MARC21/slim http://www.loc.gov/standards/marcxml/schema/MARC21slim.xsd"
    xmlns="http://www.loc.gov/MARC21/slim">

  <leader>01189nam0a2200313   4500</leader>
  <controlfield tag="001">RU\NLR\bibl\1404203</controlfield>
  <controlfield tag="005">20260405204137.0</controlfield>
  <datafield tag="010" ind1=" " ind2=" ">
    <subfield code="a">978-5-49807-152-7</subfield>
    <subfield code="9">5000</subfield>
  </datafield>
  <datafield tag="021" ind1=" " ind2=" ">
    <subfield code="a">RU</subfield>
    <subfield code="b">2009-50248</subfield>
    <subfield code="9">3082</subfield>
  </datafield>
  <datafield tag="035" ind1=" " ind2=" ">
    <subfield code="a">(NLR Aleph) 001396202</subfield>
  </datafield>
  <datafield tag="090" ind1=" " ind2=" ">
    <subfield code="a">1193535</subfield>
    <subfield code="c">1193535</subfield>
  </datafield>
  <datafield tag="100" ind1=" " ind2=" ">
    <subfield code="a">20090826d2009    |||y0rusy50      ca</subfield>
  </datafield>
  <datafield tag="101" ind1="0" ind2=" ">
    <subfield code="a">rus</subfield>
  </datafield>
  <datafield tag="102" ind1=" " ind2=" ">
    <subfield code="a">RU</subfield>
  </datafield>
  <datafield tag="105" ind1=" " ind2=" ">
    <subfield code="a">a   |||||||||</subfield>
  </datafield>
  <datafield tag="200" ind1="1" ind2=" ">
    <subfield code="a">&#x414;&#x438;&#x430;&#x433;&#x43D;&#x43E;&#x441;&#x442;&#x438;&#x43A;&#x430; &#x43D;&#x435;&#x438;&#x441;&#x43F;&#x440;&#x430;&#x432;&#x43D;&#x43E;&#x441;&#x442;&#x435;&#x439; &#x430;&#x432;&#x442;&#x43E;&#x43C;&#x43E;&#x431;&#x438;&#x43B;&#x44F; &#x432; &#x43F;&#x43E;&#x43D;&#x44F;&#x442;&#x43D;&#x44B;&#x445; &#x441;&#x445;&#x435;&#x43C;&#x430;&#x445;</subfield>
    <subfield code="e">&#x410;&#x43B;&#x435;&#x43A;&#x441;&#x435;&#x439; &#x413;&#x440;&#x43E;&#x43C;&#x430;&#x43A;&#x43E;&#x432;&#x441;&#x43A;&#x438;&#x439;</subfield>
  </datafield>
  <datafield tag="210" ind1=" " ind2=" ">
    <subfield code="a">&#x41C;&#x43E;&#x441;&#x43A;&#x432;&#x430; [&#x438; &#x434;&#x440;.]</subfield>
    <subfield code="c">&#x41F;&#x438;&#x442;&#x435;&#x440;</subfield>
    <subfield code="d">2009</subfield>
  </datafield>
  <datafield tag="215" ind1=" " ind2=" ">
    <subfield code="a">96 &#x441;.</subfield>
    <subfield code="c">&#x441;&#x445;&#x435;&#x43C;.</subfield>
    <subfield code="d">21</subfield>
  </datafield>
  <datafield tag="225" ind1="1" ind2=" ">
    <subfield code="a">&#x410;&#x432;&#x442;&#x43E;&#x448;&#x43F;&#x430;&#x440;&#x433;&#x430;&#x43B;&#x43A;&#x430;</subfield>
  </datafield>
  <datafield tag="225" ind1="1" ind2=" ">
    <subfield code="a">www.avtotut.ru &#x440;&#x435;&#x43A;&#x43E;&#x43C;&#x435;&#x43D;&#x434;&#x443;&#x435;&#x442;</subfield>
  </datafield>
  <datafield tag="313" ind1=" " ind2=" ">
    <subfield code="a">&#x43B;&#x435;&#x433;&#x43A;.&#x430;&#x432;&#x442;&#x43E;&#x43C;.</subfield>
  </datafield>
  <datafield tag="606" ind1="1" ind2=" ">
    <subfield code="a">&#x41B;&#x435;&#x433;&#x43A;&#x43E;&#x432;&#x44B;&#x435; &#x430;&#x432;&#x442;&#x43E;&#x43C;&#x43E;&#x431;&#x438;&#x43B;&#x438;</subfield>
    <subfield code="x">&#x422;&#x435;&#x445;&#x43D;&#x438;&#x447;&#x435;&#x441;&#x43A;&#x430;&#x44F; &#x434;&#x438;&#x430;&#x433;&#x43D;&#x43E;&#x441;&#x442;&#x438;&#x43A;&#x430;</subfield>
    <subfield code="9">2187394</subfield>
    <subfield code="3">RU\NLR\auth\661315088</subfield>
  </datafield>
  <datafield tag="686" ind1=" " ind2=" ">
    <subfield code="a">&#x41E;335.52-082.051</subfield>
  </datafield>
  <datafield tag="700" ind1=" " ind2="1">
    <subfield code="4">070</subfield>
    <subfield code="8">rus</subfield>
    <subfield code="7">ca</subfield>
    <subfield code="a">&#x413;&#x440;&#x43E;&#x43C;&#x430;&#x43A;&#x43E;&#x432;&#x441;&#x43A;&#x438;&#x439;</subfield>
    <subfield code="b">&#x410;. &#x410;.</subfield>
    <subfield code="g">&#x410;&#x43B;&#x435;&#x43A;&#x441;&#x435;&#x439; &#x410;&#x43B;&#x435;&#x43A;&#x441;&#x435;&#x435;&#x432;&#x438;&#x447;</subfield>
    <subfield code="3">RU\NLR\auth\7791435</subfield>
    <subfield code="9">74362</subfield>
  </datafield>
  <datafield tag="801" ind1=" " ind2="0">
    <subfield code="a">RU</subfield>
    <subfield code="b">NLR</subfield>
    <subfield code="c">20090826</subfield>
    <subfield code="g">RCR</subfield>
  </datafield>
  <datafield tag="801" ind1=" " ind2="1">
    <subfield code="a">RU</subfield>
    <subfield code="b">NLR</subfield>
    <subfield code="c">20090826</subfield>
  </datafield>
  <datafield tag="942" ind1=" " ind2=" ">
    <subfield code="c">BOOK</subfield>
  </datafield>
  <datafield tag="980" ind1=" " ind2=" ">
    <subfield code="a">NB</subfield>
  </datafield>
  <datafield tag="995" ind1=" " ind2=" ">
    <subfield code="5">2009-08-26</subfield>
    <subfield code="a">ad</subfield>
    <subfield code="b">NLR01</subfield>
    <subfield code="c">NLR01</subfield>
    <subfield code="e">RF9</subfield>
    <subfield code="f">2980208</subfield>
    <subfield code="k">2009-4/11469</subfield>
    <subfield code="o">0</subfield>
    <subfield code="r">BOOK</subfield>
    <subfield code="s">2009411469_</subfield>
  </datafield>
  <datafield tag="995" ind1=" " ind2=" ">
    <subfield code="5">2009-08-26</subfield>
    <subfield code="a">ad</subfield>
    <subfield code="b">NLR01</subfield>
    <subfield code="c">NLR01</subfield>
    <subfield code="e">RF9</subfield>
    <subfield code="f">2980209</subfield>
    <subfield code="k">2009-4/11469</subfield>
    <subfield code="o">0</subfield>
    <subfield code="r">BOOK</subfield>
    <subfield code="s">2009411469_</subfield>
  </datafield>
</record>
